000 00430nam a2200181Ia 4500
005 20231003110218.0
008 131103s9999 xx 000 0 und d
040 _aLoreto College
041 _aEnglish
082 _aF
_bPLA
100 _aPlaidy,Jean
245 4 _aThe road to Compiegne
_cJean Plaidy
260 _aLondon
_bPan books
_c1974
300 _a318p.
650 _aEnglish Fiction
850 _aLCLIB
942 _cBK
999 _c18631
_d69110